Central Library OPAC University of Rajshahi

War and peace in South-East Asia / (Record no. 46270)

MARC details
000 -LEADER
fixed length control field 00894nam a2200265 a 4500
001 - CONTROL NUMBER
control field 46270
003 - CONTROL NUMBER IDENTIFIER
rucl marc code BD-RjUL
005 - DATE AND TIME OF LATEST TRANSACTION
control field 20211209054129.0
008 - FIXED-LENGTH DATA ELEMENTS--GENERAL INFORMATION
fixed length control field 160801s1969 enk b 001 0 eng
020 ## - INTERNATIONAL STANDARD BOOK NUMBER
International Standard Book Number 0192850318
035 ## - SYSTEM CONTROL NUMBER
System control number (BD-RjUL)46388
040 ## - CATALOGING SOURCE
Original cataloging agency DLC
Transcribing agency DLC
Modifying agency m.c
Language of cataloging eng
041 ## - LANGUAGE CODE
Language code of text/sound track or separate title eng
082 ## - DEWEY DECIMAL CLASSIFICATION NUMBER
Classification number 320.959
Author mark and year LYW 1969
100 1# - MAIN ENTRY--PERSONAL NAME
Personal name Lyon, Peter,
Dates associated with a name 1934-
9 (RLIN) 141315
245 10 - TITLE STATEMENT
Title War and peace in South-East Asia /
Statement of responsibility, etc. Peter Lyon.
260 ## - PUBLICATION, DISTRIBUTION, ETC. (IMPRINT)
Place of publication, distribution, etc. London :
Name of publisher, distributor, etc. Oxford University Press,
Date of publication, distribution, etc. 1969.
300 ## - PHYSICAL DESCRIPTION
Pagination xii, 244 p. ;
Size 20 cm.
500 ## - GENERAL NOTE
General note "Issued under the auspices of the Royal Institute of International Affairs".
504 ## - BIBLIOGRAPHY, ETC. NOTE
Bibliography, etc Bibliography: p. 231-238. - Includes index.
650 #0 - SUBJECT ADDED ENTRY--TOPICAL TERM
Topical term or geographic name as entry element World politics
Chronological subdivision 20th century.
9 (RLIN) 117398
651 #0 - SUBJECT ADDED ENTRY--GEOGRAPHIC NAME
Geographic name Southeast Asia
General subdivision Politics and government
Chronological subdivision 1945-
9 (RLIN) 117841
710 2# - ADDED ENTRY--CORPORATE NAME
Corporate name or jurisdiction name as entry element Royal Institute of International Affairs.
9 (RLIN) 141316
942 ## - ADDED ENTRY ELEMENTS (KOHA)
Source of classification or shelving scheme Dewey Decimal Classification
Koha item type Books
Holdings
Lost status Source of classification or shelving scheme Damaged status Not for loan Collection code Permanent Location Current Location Shelving location Date acquired Source of acquisition Cost, normal purchase price Total Checkouts Full call number Date last seen Copy number Koha item type
  Dewey Decimal Classification     Non-fiction Central Library, University of Rajshahi Central Library, University of Rajshahi   23/08/1973 Oxford University Press 16.50   320.959 LYW 1969 01/08/2016 C-2 Books